Public finance. (Record no. 1412)

MARC details
000 -LEADER
fixed length control field 00531cam a2200217ua 4500
001 - CONTROL NUMBER
control field 1523
005 - DATE AND TIME OF LATEST TRANSACTION
control field 20260515113339.0
008 - FIXED-LENGTH DATA ELEMENTS--GENERAL INFORMATION
fixed length control field 110711n ii |||gr||||Z||||||eng
040 ## - CATALOGING SOURCE
Transcribing agency MAIN
082 ## - DEWEY DECIMAL CLASSIFICATION NUMBER
Classification number 336
100 ## - MAIN ENTRY--PERSONAL NAME
Personal name Sachdeva, A N.,
245 1# - TITLE STATEMENT
Title Public finance.
Statement of responsibility, etc. By A N Sachdeva.
250 ## - EDITION STATEMENT
Edition statement 1st.
260 ## - PUBLICATION, DISTRIBUTION, ETC.
Place of publication, distribution, etc. Lucknow:
Name of publisher, distributor, etc. Prakashan kendra.,
Date of publication, distribution, etc. Author.
300 ## - PHYSICAL DESCRIPTION
Extent ii, 590 p.:
Dimensions 23 cm.
653 ## - INDEX TERM--UNCONTROLLED
Uncontrolled term Economics.
653 ## - INDEX TERM--UNCONTROLLED
Uncontrolled term Public finance.
700 1# - ADDED ENTRY--PERSONAL NAME
Personal name Awasthi G D.,
700 1# - ADDED ENTRY--PERSONAL NAME
Personal name Papola, Trilok Singh.,
942 ## - ADDED ENTRY ELEMENTS (KOHA)
Koha item type Books
Holdings
Withdrawn status Lost status Damaged status Not for loan Home library Current library Shelving location Date acquired Total checkouts Full call number Barcode Date last seen Copy number Price effective from Koha item type
        Naharkatiya College Library Naharkatiya College Library General stacks 09/19/2020   336 | SAC 2429 09/19/2020 1 09/19/2020 Books